Select and start your own industry / (Record no. 136595)

MARC details
000 -LEADER
fixed length control field 00662nam a2200217 4500
010 ## - LIBRARY OF CONGRESS CONTROL NUMBER
LC control number B-181262
020 ## - INTERNATIONAL STANDARD BOOK NUMBER
International Standard Book Number 8186623507
Terms of availability 400
035 ## - SYSTEM CONTROL NUMBER
System control number B-181262
037 ## - SOURCE OF ACQUISITION
Source of stock number/acquisition Cen Lib / Ret
040 ## - CATALOGING SOURCE
Original cataloging agency DPL
Language of cataloging EN
082 ## - DEWEY DECIMAL CLASSIFICATION NUMBER
Classification number 338.644
Item number SEL
110 ## - MAIN ENTRY--CORPORATE NAME
Subordinate unit National Institute of Industrial Research board
245 ## - TITLE STATEMENT
Title Select and start your own industry /
250 ## - EDITION STATEMENT
Edition statement 3rd ed
260 ## - PUBLICATION, DISTRIBUTION, ETC. (IMPRINT)
Place of publication, distribution, etc Delhi
Name of publisher, distributor, etc National Institute of Industrial Research board
270 ## - ADDRESS
Address National Institute of Industrial Research board
City Delhi
300 ## - PHYSICAL DESCRIPTION
Extent 384p
Other physical details 24cm(Hb)
650 ## - SUBJECT ADDED ENTRY--TOPICAL TERM
Topical term or geographic name as entry element Biotechnology
650 ## - SUBJECT ADDED ENTRY--TOPICAL TERM
Topical term or geographic name as entry element Economics resources
942 ## - ADDED ENTRY ELEMENTS (KOHA)
Source of classification or shelving scheme Dewey Decimal Classification
Koha item type English Books
Classification part 338.644
Call number suffix SEL
Holdings
Withdrawn status Lost status Source of classification or shelving scheme Damaged status Not for loan Home library Current library Date acquired Source of acquisition Total Checkouts Full call number Barcode Date last seen Copy number Price effective from Koha item type Public note
Written off   Dewey Decimal Classification     Central Library Central Library 05/03/2016 Cen Lib/Ret   338.644 SEL B-181262 05/03/2016 1 05/03/2016 English Books Written off on approval by DLB (By Circulation); dtd 15-06-2023

© Delhi Public Library
Hit Counter
free hit counter